000 00396nam a2200145Ia 4500
003 LK-CoDNM
008 010623t1923 xxu||||| |||| 00| 1 eng d
040 _aLK-CoDNM
_dLK-CoDNM
_eLK-CoDNM
041 _aeng
080 _a50
_bC15
245 _aThe XXVII Annual Report of the Colombo Industrial School 1923
260 _bWesleyan Mission
_aWellawaththa
_c1923
300 _b16P., 21 cm
942 _cBK
999 _c91662
_d91662